Energy autonomous micro and nano systems (Record no. 356078)

000 -LEADER
fixed length control field 01907cam a22004098a 4500
001 - CONTROL NUMBER
control field 10245594
003 - CONTROL NUMBER IDENTIFIER
control field USPCAS-E
005 - DATE AND TIME OF LATEST TRANSACTION
control field 20180118181423.0
006 - FIXED-LENGTH DATA ELEMENTS--ADDITIONAL MATERIAL CHARACTERISTICS
fixed length control field m d
007 - PHYSICAL DESCRIPTION FIXED FIELD--GENERAL INFORMATION
fixed length control field cr n
008 - FIXED-LENGTH DATA ELEMENTS--GENERAL INFORMATION
fixed length control field 120501s2012 enk sb 001 0 eng d
020 ## - INTERNATIONAL STANDARD BOOK NUMBER
International Standard Book Number 9781848213579
035 ## - SYSTEM CONTROL NUMBER
System control number (WaSeSS)ssj0000831545
040 ## - CATALOGING SOURCE
Original cataloging agency DLC
Transcribing agency DLC
Modifying agency DLC
-- WaSeSS
042 ## - AUTHENTICATION CODE
Authentication code pcc
050 #4 - LIBRARY OF CONGRESS CALL NUMBER
Classification number TK2896
Item number .E47 2012
082 00 - DEWEY DECIMAL CLASSIFICATION NUMBER
Classification number 620.5
Edition number 23
Author Mark ENE 2012
210 10 - ABBREVIATED TITLE
Abbreviated title Energy autonomous micro and nano systems
245 00 - TITLE STATEMENT
Title Energy autonomous micro and nano systems
Statement of responsibility, etc. edited by Marc Belleville, Cyril Condemine.
260 ## - PUBLICATION, DISTRIBUTION, ETC.
Place of publication, distribution, etc. London :
Name of publisher, distributor, etc. ISTE ;
Place of publication, distribution, etc. Hoboken, N.J. :
Name of publisher, distributor, etc. Wiley,
Date of publication, distribution, etc. 2012.
263 ## - PROJECTED PUBLICATION DATE
Projected publication date 1205
502 ## - DISSERTATION NOTE
Dissertation note .
504 ## - BIBLIOGRAPHY, ETC. NOTE
Bibliography, etc. note Includes bibliographical references and index.
505 0# - FORMATTED CONTENTS NOTE
Formatted contents note Sensors at the core of building control -- Towards energy-autonomous medical implants -- Energy autonomous systems in aeronautic applications -- Energy harvesting by photovoltaic effect -- Mechanical energy harvesting -- Thermal energy harvesting -- Lithium micro-batteries -- Ultra-low power sensors -- Ultra-low power signal processing in autonomous systems -- Ultra-low power radio frequency communications and protocols -- Energy management in an autonomous microsystem -- Optimizing energy efficiency of sensor networks.
506 ## - RESTRICTIONS ON ACCESS NOTE
Terms governing access License restrictions may limit access.
650 #0 - SUBJECT ADDED ENTRY--TOPICAL TERM
Topical term or geographic name entry element Electric power supplies to apparatus.
650 #0 - SUBJECT ADDED ENTRY--TOPICAL TERM
Topical term or geographic name entry element Low voltage systems.
650 #0 - SUBJECT ADDED ENTRY--TOPICAL TERM
Topical term or geographic name entry element Direct energy conversion.
650 #0 - SUBJECT ADDED ENTRY--TOPICAL TERM
Topical term or geographic name entry element Energy conservation
General subdivision Equipment and supplies.
650 #0 - SUBJECT ADDED ENTRY--TOPICAL TERM
Topical term or geographic name entry element Nanoelectromechanical systems.
700 1# - ADDED ENTRY--PERSONAL NAME
Personal name Belleville, Marc.
700 1# - ADDED ENTRY--PERSONAL NAME
Personal name Condemine, Cyril.
773 #0 - HOST ITEM ENTRY
Title Wiley-Blackwell Online Books
856 40 - ELECTRONIC LOCATION AND ACCESS
Uniform Resource Identifier <a href="http://www.columbia.edu/cgi-bin/cul/resolve?clio10245594">http://www.columbia.edu/cgi-bin/cul/resolve?clio10245594</a>
Public note Full text available from Wiley-Blackwell Online Books
910 ## - USER-OPTION DATA (OCLC)
User-option data Library of Congress record
942 ## - ADDED ENTRY ELEMENTS (KOHA)
Source of classification or shelving scheme
Koha item type Book
Holdings
Withdrawn status Lost status Source of classification or shelving scheme Damaged status Not for loan Collection code Permanent Location Current Location Shelving location Date acquired Source of acquisition Cost, normal purchase price Total Checkouts Full call number Barcode Date last seen Price effective from Koha item type
            US-Pakistan Center for Advanced Studies in Energy (USPCAS-E) US-Pakistan Center for Advanced Studies in Energy (USPCAS-E)   02/10/2016 Golden books 13337.00   620.5 ENE 2012 CAS-E0001253 02/10/2016 02/10/2016 Book
© 2023 Central Library, National University of Sciences and Technology. All Rights Reserved.